[Event "CHI-ch U20 Girls"]
[Site "Maipu"]
[Date "2017.02.08"]
[Round "3.2"]
[White "Santana Gonzalez, Valentina"]
[Black "Casilla Eguez, Naomi Alejandra"]
[Result "1-0"]
[WhiteElo "1738"]
[BlackElo "1207"]
[PlyCount "77"]
[EventDate "2017.02.07"]
[EventType "swiss"]
[EventRounds "9"]
[EventCountry "CHI"]
[SourceTitle "EXT 2024"]
[Source "ChessBase"]
[SourceDate "2023.10.10"]
[SourceVersion "1"]
[SourceVersionDate "2023.10.10"]
[SourceQuality "1"]

1. d4 Nf6 2. Bg5 d5 3. e3 Bf5 4. c3 c6 5. Nd2 Nbd7 6. f4 Qc7 7. Be2 e6 8. Bxf6 Nxf6 9. Ndf3 Nd7 10. Ne5 Nxe5 11. fxe5 Be7 12. Nf3 0-0 13. 0-0 Qb6 14. Qd2 c5 15. Rf2 c4 16. Raf1 a5 17. Bd1 Bd3 18. Be2 Bxe2 19. Qxe2 Qc6 20. Qc2 a4 21. a3 b5 22. Nd2 Bg5 23. e4 Be3 24. exd5 exd5 25. Qf5 Bxf2+ 26. Qxf2 Qe6 27. Qf4 Ra7 28. Nf3 h6 29. Nh4 Rd7 30. Nf5 Kh7 31. Rf3 g5 32. Qg4 Rg8 33. Rh3 Rg6 34. Rg3 Rf6 35. Rf3 Rg6 36. Qg3 Rd8 37. Nd6 Rg7 38. Qf2 Rd7 39. Rf6 1-0